<?xml version="1.0" encoding="UTF-8"?>
<marc:record xmlns:marc="http://www.loc.gov/MARC21/slim">
   <marc:leader>00000nam a2200000 a 4500</marc:leader>
   <marc:datafield ind1=" " ind2=" " tag="653">
      <marc:subfield code="a">Geschichte</marc:subfield>
   </marc:datafield>
   <marc:datafield ind1=" " ind2=" " tag="653">
      <marc:subfield code="a">Reise</marc:subfield>
   </marc:datafield>
   <marc:datafield ind1=" " ind2=" " tag="653">
      <marc:subfield code="a">Expedition</marc:subfield>
   </marc:datafield>
   <marc:datafield ind1=" " ind2=" " tag="653">
      <marc:subfield code="a">Bildband</marc:subfield>
   </marc:datafield>
   <marc:datafield ind1=" " ind2=" " tag="653">
      <marc:subfield code="a">Arktis</marc:subfield>
   </marc:datafield>
   <marc:datafield ind1=" " ind2=" " tag="653">
      <marc:subfield code="a">Antarktis</marc:subfield>
   </marc:datafield>
   <marc:datafield ind1=" " ind2=" " tag="653">
      <marc:subfield code="a">Forschung</marc:subfield>
   </marc:datafield>
   <marc:datafield ind1="0" ind2="0" tag="245">
      <marc:subfield code="a">Polar-Expeditionen</marc:subfield>
   </marc:datafield>
   <marc:datafield ind1="0" ind2="0" tag="245">
      <marc:subfield code="b">Forschungsreisen in Arktis und Antarktis</marc:subfield>
   </marc:datafield>
   <marc:datafield ind1=" " ind2="1" tag="264">
      <marc:subfield code="b">Gerstenberg</marc:subfield>
      <marc:subfield code="c">99</marc:subfield>
   </marc:datafield>
   <marc:datafield ind1="1" ind2=" " tag="490">
      <marc:subfield code="a">Sehen Staunen Wissen</marc:subfield>
   </marc:datafield>
   <marc:datafield ind1="1" ind2=" " tag="520">
      <marc:subfield code="a">Obwohl die Polarregionen auch heute noch Abenteuer- und Entdeckerlust wecken und einen extrem hohen Anspruch an Technik und Erfindergeist verlangen, kommen die Pioniere dieser Gegenden in der Regel in den allgemeinen Entdecker-Büchern zu kurz (vgl. zuletzt "Atlas der großen Entdeckungen", BA 8/98; "Die Entdecker-Zeitung", BA 10/99). Der vorliegende Band würdigt in 3 großen Abschnitten die Pionierleistungen der ersten Eismeerexpeditionen (u.a. Ross, Franklin, Nansen, Andrée), die Suche nach den Polen (u.a. Scott, Amundsen, Mawson, Shackelton) und die Forschung und Technik in den Polarregionen heute. Zeichnungen, Originalfotos und Karten unterstützen in bewährter Weise die Textaussagen. Geographische Daten zu den Polen, eine Zeitleiste und ein Register runden den empfehlenswerten Band ab. Nichts Vergleichbares bekannt. Besonders auch für Schulbibliotheken.</marc:subfield>
   </marc:datafield>
   <marc:datafield ind1="3" ind2=" " tag="024">
      <marc:subfield code="a">3806748543</marc:subfield>
   </marc:datafield>
</marc:record>
